Elements of the periodic table - Fibonacci sequence! - Statistics

General Stats
  • This quiz has been taken 7 times
  • The average score is 9 of 11
Answer Stats
Atomic Number Element % Correct
2 Helium
100%
1 Hydrogen
100%
1 Hydrogen
100%
13 Aluminium
83%
5 Boron
83%
3 Lithium
83%
8 Oxygen
83%
89 Actinium
67%
21 Scandium
67%
34 Selenium
67%
55 Cesium
50%
No matching quizzes found
Score Distribution
Percent of People with Each Score
Percentile by Number Answered
Your Score History
You have not taken this quiz